[Event "XXVI Festival Conca della Presolana A"]
[Site "Bratto - Castione della Presolana ITA"]
[Date "2006.08.26"]
[Round "8"]
[White "Lampl, Gerald"]
[Black "Pace, Pietro Dario"]
[Result "1/2-1/2"]
[WhiteElo "1826"]
[BlackElo "2228"]
[PlyCount "63"]
[EventDate "2006.08.19"]

1. d4 Nf6 2. c4 g6 3. Nc3 d5 4. cxd5 Nxd5 5. g3 Bg7 6. Bg2 Nb6 7. e3 O-O 8.
Nge2 N8d7 9. O-O e5 10. d5 Nc4 11. b3 Nd6 12. Ba3 Re8 13. Rc1 Nb6 14. Bxd6 cxd6
15. Nb5 Re7 16. a4 a6 17. Na3 Rc7 18. Rxc7 Qxc7 19. Qd2 Nd7 20. Rc1 Qd8 21. Qc2
Bf6 22. Nc4 Be7 23. a5 Rb8 24. Nc3 b5 25. axb6 Nxb6 26. Na5 Bd7 27. Nc6 Bxc6
28. dxc6 Qc7 29. Nd5 Nxd5 30. Bxd5 a5 31. Qc4 Bd8 32. e4 1/2-1/2

[Event "XXVI Festival Conca della Presolana A"]
[Site "Bratto - Castione della Presolana ITA"]
[Date "2006.08.26"]
[Round "8"]
[White "Lava, Giovanni"]
[Black "Podini, Francesco"]
[Result "1-0"]
[WhiteElo "2232"]
[BlackElo "2069"]
[PlyCount "57"]
[EventDate "2006.08.19"]

1. d4 e6 2. g3 f5 3. Bg2 Nf6 4. c4 c6 5. Nh3 d5 6. O-O Bd6 7. Bf4 Bxf4 8. Nxf4
O-O 9. Qc2 Qe7 10. Nd2 b6 11. Nf3 Nbd7 12. cxd5 cxd5 13. Qc6 Ba6 14. Qxe6+ Qxe6
15. Nxe6 Rfc8 16. Rfc1 Bxe2 17. Ne5 Nxe5 18. dxe5 Ne4 19. Nd4 Bd3 20. Nxf5 Kf8
21. f4 Rc5 22. b4 Rc3 23. Bxe4 Rxc1+ 24. Rxc1 dxe4 25. Rc7 a5 26. e6 Bb5 27.
Nd6 Ba4 28. e7+ Kg8 29. b5 1-0

[Event "XXVI Festival Conca della Presolana A"]
[Site "Bratto - Castione della Presolana ITA"]
[Date "2006.08.26"]
[Round "8"]
[White "Lovati, Paolo"]
[Black "Nardelli, Marco"]
[Result "0-1"]
[WhiteElo "2069"]
[BlackElo "2123"]
[PlyCount "78"]
[EventDate "2006.08.19"]

1. c4 e5 2. g3 Nc6 3. Bg2 g6 4. Nc3 Bg7 5. Rb1 a5 6. a3 Nge7 7. e3 d6 8. Nge2
O-O 9. O-O h5 10. d3 h4 11. b4 axb4 12. axb4 h3 13. Bh1 Nf5 14. Nd5 Nce7 15. b5
c6 16. Nxe7+ Nxe7 17. Bb2 Bg4 18. Qd2 d5 19. cxd5 cxd5 20. Bc3 Nf5 21. Bb4 Re8
22. Rfe1 Bh6 23. f4 Bxe2 24. Rxe2 exf4 25. exf4 Qb6+ 26. Rf2 Qxb5 27. Qc2 Bg7
28. Bc3 Qxb1+ 29. Qxb1 Bxc3 30. Ra2 Rxa2 31. Qxa2 Re1+ 32. Kf2 Rxh1 33. Qa8+
Kg7 34. g4 Rxh2+ 35. Kf3 Nd4+ 36. Kg3 Rh1 37. g5 Be1+ 38. Kg4 Rg1+ 39. Kxh3
Rg3+ 0-1

[Event "XXVI Festival Conca della Presolana A"]
[Site "Bratto - Castione della Presolana ITA"]
[Date "2006.08.26"]
[Round "8"]
[White "Lucaroni, Massimiliano"]
[Black "Alberton, Roberto"]
[Result "1-0"]
[WhiteElo "2293"]
[BlackElo "2128"]
[PlyCount "81"]
[EventDate "2006.08.19"]

1. e4 g6 2. d4 Bg7 3. Bc4 d6 4. Nf3 a6 5. O-O e6 6. Bb3 Ne7 7. Bg5 Nd7 8. Re1
O-O 9. Qd2 Re8 10. Bh6 c5 11. c3 Qc7 12. Bxg7 Kxg7 13. e5 b5 14. Qg5 h6 15. Qf4
dxe5 16. dxe5 c4 17. Bc2 Bb7 18. Nbd2 Nd5 19. Qg3 Ne7 20. h4 h5 21. Ng5 Nf5 22.
Bxf5 exf5 23. Nxf7 Qc6 24. Nd6 Rf8 25. Nxb7 Qxb7 26. e6 Nf6 27. Qe5 Rae8 28.
Nf3 Re7 29. Rad1 Qb8 30. Rd6 Qa7 31. Qd4 Qxd4 32. Nxd4 Ra8 33. Nc6 Rc7 34. e7
Ne8 35. Rde6 Rd7 36. Rxg6+ Kxg6 37. Ne5+ Kg7 38. Nxd7 Ra7 39. Nb6 Kf7 40. Nd5
Rd7 41. Re5 1-0

[Event "XXVI Festival Conca della Presolana A"]
[Site "Bratto - Castione della Presolana ITA"]
[Date "2006.08.26"]
[Round "8"]
[White "Mantovani, Renzo"]
[Black "Andreoli, Renato"]
[Result "1/2-1/2"]
[WhiteElo "2370"]
[BlackElo "2137"]
[PlyCount "131"]
[EventDate "2006.08.19"]

1. e4 e5 2. Nf3 Nc6 3. Bc4 Bc5 4. c3 Nf6 5. Qe2 O-O 6. d3 a6 7. Bb3 d5 8. Nbd2
Re8 9. Nf1 dxe4 10. dxe4 Be6 11. Ng3 Bxb3 12. axb3 Qd7 13. b4 Bb6 14. Bg5 Qe6
15. O-O h6 16. Be3 Bxe3 17. Qxe3 Rad8 18. Rfd1 Kh7 19. Nf5 Qc4 20. Ng3 Ng4 21.
Qe1 Nf6 22. Nd2 Qe6 23. Qe2 Rd7 24. Nc4 Red8 25. Rxd7 Rxd7 26. f3 g6 27. Nf1
Kg7 28. Nfd2 Ne8 29. Nb3 Rd8 30. Nc5 Qc8 31. Rd1 b6 32. Nd3 Qe6 33. Ne3 a5 34.
b5 Na7 35. c4 c6 36. c5 cxb5 37. Nd5 bxc5 38. Nxc5 Qc6 39. Qf2 Nf6 40. Nd3 Nxd5
41. Nxe5 Ne3 42. Re1 Qc7 43. Nxf7 Qxf7 44. Qxe3 Qd7 45. Rc1 Nc6 46. Qb3 Qd2 47.
Ra1 Qd4+ 48. Kf1 Qd3+ 49. Qxd3 Rxd3 50. Rc1 Nd4 51. Rc7+ Kf6 52. Rd7 Rd1+ 53.
Kf2 Rd2+ 54. Ke3 Rxg2 55. Rxd4 Rxb2 56. Rd6+ Kf7 57. Kf4 Rxh2 58. Ke5 Rh5+ 59.
Kd4 Rh2 60. Ra6 a4 61. f4 Rc2 62. Ra7+ Ke6 63. Ra6+ Kf7 64. Ra7+ Ke6 65. Ra6+
Kf7 66. Ra7+ 1/2-1/2

[Event "XXVI Festival Conca della Presolana A"]
[Site "Bratto - Castione della Presolana ITA"]
[Date "2006.08.26"]
[Round "8"]
[White "Mazzariol, Oscar"]
[Black "Salmoiraghi, Angelo"]
[Result "0-1"]
[WhiteElo "2066"]
[BlackElo "2015"]
[PlyCount "62"]
[EventDate "2006.08.19"]

1. d4 d5 2. Nf3 Nf6 3. Bg5 Ne4 4. Bf4 Bf5 5. e3 e6 6. Bd3 Bd6 7. O-O Nd7 8. Ne5
f6 9. f3 fxe5 10. dxe5 Bxe5 11. fxe4 dxe4 12. Bxe5 Nxe5 13. Bb5+ c6 14. Qh5+ g6
15. Qh6 Nf7 16. Qg7 cxb5 17. Nc3 Qg5 18. Nxb5 Qxe3+ 19. Kh1 Qc5 20. c4 a6 21.
b4 Qe5 22. Qxe5 Nxe5 23. Nc7+ Ke7 24. Nxa8 Rxa8 25. c5 Nc6 26. h3 h5 27. Rfe1
Nxb4 28. Reb1 a5 29. a3 e3 30. Rb2 Nc2 31. Rxb7+ Kf6 0-1

[Event "XXVI Festival Conca della Presolana A"]
[Site "Bratto - Castione della Presolana ITA"]
[Date "2006.08.26"]
[Round "8"]
[White "Mazzilli, Piero"]
[Black "Ambrosi, Eleonora"]
[Result "1-0"]
[WhiteElo "2310"]
[BlackElo "2147"]
[PlyCount "191"]
[EventDate "2006.08.19"]

1. d4 d5 2. Nc3 Nf6 3. Bg5 Bf5 4. f3 Nbd7 5. Nxd5 Nxd5 6. e4 N7f6 7. exf5 Qd7
8. Bd3 O-O-O 9. Qd2 e6 10. fxe6 Qxe6+ 11. Ne2 Bd6 12. O-O h6 13. Bf4 Bxf4 14.
Nxf4 Qe3+ 15. Qxe3 Nxe3 16. Rfe1 Rxd4 17. Ng6 fxg6 18. Rxe3 Nd5 19. Re4 Rxe4
20. Bxe4 Ne7 21. Re1 c6 22. h4 Rf8 23. Kf2 Rf6 24. g4 Rd6 25. Bd3 Kd7 26. a3
Nd5 27. Kg3 Ne7 28. Re4 Nd5 29. f4 Ne7 30. Kf3 Rf6 31. Rd4+ Kc7 32. Re4 Kd7 33.
Kg3 Rd6 34. Re5 Rf6 35. Bc4 Rd6 36. Bd3 Rf6 37. Ra5 a6 38. Re5 Nd5 39. Re4 Ne7
40. Kf3 Rd6 41. b4 b5 42. Re1 Rd4 43. Rd1 Rd6 44. Rg1 Rf6 45. g5 Rd6 46. gxh6
gxh6 47. Rh1 Rf6 48. Rg1 Kc7 49. Rg4 Kb6 50. Be4 c5 51. h5 g5 52. Ke3 gxf4+ 53.
Rxf4 Re6 54. Kf3 cxb4 55. axb4 a5 56. bxa5+ Kxa5 57. Bd3 Re5 58. Kg4 Nd5 59.
Rf8 Rg5+ 60. Kh4 Ne3 61. Rf6 Ng2+ 62. Kh3 Ne3 63. Bg6 Nxc2 64. Bxc2 Rxh5+ 65.
Kg4 Rc5 66. Bf5 b4 67. Rxh6 b3 68. Kf4 Kb4 69. Bb1 b2 70. Rb6+ Rb5 71. Re6 Rc5
72. Kg3 Kc3 73. Rb6 Rg5+ 74. Kf4 Rg1 75. Bh7 Rf1+ 76. Ke3 Re1+ 77. Kf2 Rc1 78.
Ke2 Rh1 79. Be4 Rh2+ 80. Kd1 Rd2+ 81. Ke1 Rd4 82. Bb1 Rh4 83. Rc6+ Rc4 84. Rh6
Kb3 85. Kd2 Rc1 86. Rb6+ Ka3 87. Bc2 Rh1 88. Kc3 Rh3+ 89. Bd3 Rh4 90. Rxb2 Rh8
91. Rb6 Rh4 92. Rb3+ Ka4 93. Rb6 Ka3 94. Rb1 Ka2 95. Rb8 Ka3 96. Rb7 1-0

[Event "XXVI Festival Conca della Presolana A"]
[Site "Bratto - Castione della Presolana ITA"]
[Date "2006.08.26"]
[Round "8"]
[White "Meng, Jean-Philippe"]
[Black "Djabri, Katherine"]
[Result "0-1"]
[WhiteElo "2058"]
[BlackElo "2009"]
[PlyCount "70"]
[EventDate "2006.08.19"]

1. e4 c5 2. d3 Nc6 3. Nf3 g6 4. g3 Bg7 5. Bg2 e6 6. Qe2 Nge7 7. O-O O-O 8. a4
b6 9. Nbd2 Bb7 10. Re1 Rc8 11. c3 d5 12. e5 Ba6 13. Nb1 Qd7 14. Na3 Na5 15. Bg5
Nb3 16. Rad1 Rfe8 17. Nc2 Nc6 18. h4 Nca5 19. h5 Qxa4 20. Nh2 Qd7 21. Ng4 Nc6
22. Bf6 Ne7 23. Bxg7 Kxg7 24. Nf6 Qc7 25. Qf3 Rh8 26. h6+ Kf8 27. Bh3 Qc6 28.
d4 Bb7 29. Ne3 Rc7 30. Ng2 Bc8 31. Nf4 a5 32. Bg4 Ng8 33. Nh3 Nxh6 34. Ng5 Nxg4
35. Qxg4 h6 0-1

[Event "XXVI Festival Conca della Presolana A"]
[Site "Bratto - Castione della Presolana ITA"]
[Date "2006.08.26"]
[Round "8"]
[White "Mogranzini, Roberto"]
[Black "Borgo, Giulio"]
[Result "1-0"]
[WhiteElo "2352"]
[BlackElo "2414"]
[PlyCount "115"]
[EventDate "2006.08.19"]

1. e4 c5 2. Nf3 Nc6 3. d4 cxd4 4. Nxd4 Nf6 5. Nc3 d6 6. Be2 e5 7. Nf3 h6 8. O-O
Be7 9. h3 Be6 10. Re1 Rc8 11. Bf1 Nb8 12. Nd5 Nxd5 13. exd5 Bf5 14. c4 O-O 15.
b4 Nd7 16. Bb2 Re8 17. Qb3 Bf6 18. Rac1 a5 19. a3 Qb6 20. Qe3 axb4 21. Qxb6
Nxb6 22. axb4 Be7 23. Red1 Red8 24. Ba1 Kf8 25. g4 Be4 26. Nd2 Bg6 27. f4 exf4
28. Nb3 Rd7 29. Bd4 Bd8 30. Bf2 Kg8 31. Re1 Kh7 32. h4 h5 33. gxh5 Bf5 34. Nd4
Bg4 35. Bd3+ Kh6 36. Nf5+ Kxh5 37. Nxg7+ Kh6 38. Nf5+ Kh5 39. Kh2 Bc7 40. Ng7+
Kh6 41. Rg1 Rg8 42. Rxg4 Rxg7 43. Rxf4 Re7 44. Bd4 Nd7 45. Bxg7+ Kxg7 46. Rg1+
Kf8 47. Bf5 Nf6 48. Rg2 Bb6 49. Bg4 Ng8 50. Re2 Be3 51. Rf1 Nh6 52. Kh3 Re4 53.
Bf3 Re5 54. Rfe1 Bd2 55. Rxe5 dxe5 56. Rxe5 Bxb4 57. d6 Bxd6 58. Rb5 1-0

[Event "XXVI Festival Conca della Presolana A"]
[Site "Bratto - Castione della Presolana ITA"]
[Date "2006.08.26"]
[Round "8"]
[White "Napoli, Nicolo'"]
[Black "Bianco, Raffaele"]
[Result "1-0"]
[WhiteElo "2216"]
[BlackElo "2069"]
[PlyCount "99"]
[EventDate "2006.08.19"]

1. d4 Nf6 2. Nc3 d5 3. Bg5 Bf5 4. Bxf6 gxf6 5. g3 c5 6. Bg2 e6 7. dxc5 Bg6 8.
b4 a5 9. a3 b6 10. e4 bxc5 11. exd5 cxb4 12. Nb5 Ra6 13. axb4 Bxb4+ 14. c3 Bc5
15. Nh3 Qb6 16. Qe2 O-O 17. O-O Nd7 18. Rfd1 e5 19. Kh1 Rb8 20. c4 f5 21. Ra2
e4 22. Nf4 Nf6 23. h4 Ng4 24. Rf1 h5 25. f3 Ne3 26. Re1 exf3 27. Bxf3 Nxc4 28.
Qxc4 Qxb5 29. Qxb5 Rxb5 30. Be2 Rbb6 31. Bxa6 Rxa6 32. Rc1 Bb4 33. Rc6 Ra8 34.
Nxg6 fxg6 35. Rxg6+ Kf7 36. Rg5 Kf6 37. Rf2 a4 38. Rxh5 a3 39. Rhxf5+ Kg6 40.
Rf6+ Kg7 41. Rf7+ Kg8 42. Rb7 Bd6 43. Rb1 Ra5 44. Rd1 Kh7 45. Kg2 Rb5 46. Rd3
Ra5 47. Ra2 Kh6 48. Kh3 Kg6 49. Re3 Rxd5 50. Raxa3 1-0

[Event "XXVI Festival Conca della Presolana A"]
[Site "Bratto - Castione della Presolana ITA"]
[Date "2006.08.26"]
[Round "8"]
[White "Nardi, Marco"]
[Black "Ricca, Giorgio"]
[Result "1/2-1/2"]
[WhiteElo "2045"]
[BlackElo "2078"]
[PlyCount "26"]
[EventDate "2006.08.19"]

1. e4 e5 2. d4 exd4 3. Qxd4 Nc6 4. Qe3 Nf6 5. Nc3 b6 6. Bd2 Bb7 7. O-O-O Qe7 8.
Qg3 O-O-O 9. Bg5 Qc5 10. Nh3 h6 11. Be3 Qe7 12. Nd5 Nxd5 13. exd5 Nb4 1/2-1/2

[Event "XXVI Festival Conca della Presolana A"]
[Site "Bratto - Castione della Presolana ITA"]
[Date "2006.08.26"]
[Round "8"]
[White "Novelli, Cristiano"]
[Black "Costantini, Roberto"]
[Result "0-1"]
[WhiteElo "2145"]
[BlackElo "2293"]
[PlyCount "80"]
[EventDate "2006.08.19"]

1. e4 c5 2. Nc3 d6 3. g3 Nc6 4. Bg2 g6 5. d3 Bg7 6. Be3 Qa5 7. Nge2 Nd4 8. O-O
e6 9. f4 f5 10. Bf2 Ne7 11. Nc1 Qc7 12. Qd2 O-O 13. Be3 Bd7 14. Nd1 e5 15. c3
Ndc6 16. Ne2 Rad8 17. Nf2 Be6 18. c4 Nd4 19. Nc3 a6 20. Nd5 Nxd5 21. exd5 Bd7
22. fxe5 Bxe5 23. Nh3 b5 24. Rae1 Rfe8 25. Nf4 Rb8 26. Kh1 bxc4 27. dxc4 a5 28.
Bxd4 cxd4 29. Rc1 Kh8 30. g4 Bg7 31. Ne6 Bxe6 32. dxe6 Rxe6 33. gxf5 gxf5 34.
Rxf5 Rbe8 35. Bd5 Re2 36. Qf4 Qe7 37. Rf1 d3 38. Rf7 Qe5 39. Qh4 d2 40. R7f5
Qxf5 0-1

[Event "XXVI Festival Conca della Presolana A"]
[Site "Bratto - Castione della Presolana ITA"]
[Date "2006.08.26"]
[Round "8"]
[White "Pantaleoni, Claudio"]
[Black "Magrini, Fabrizio"]
[Result "1/2-1/2"]
[WhiteElo "2222"]
[BlackElo "2119"]
[PlyCount "69"]
[EventDate "2006.08.19"]

1. Nf3 Nf6 2. c4 g6 3. Nc3 Bg7 4. e4 d6 5. d4 O-O 6. h3 c5 7. d5 e5 8. Bd3 a6
9. g4 Bd7 10. a4 b6 11. Bg5 h6 12. Be3 Ne8 13. Rg1 Ra7 14. h4 Rb7 15. h5 g5 16.
Nd2 Nc7 17. Qe2 f6 18. Kf1 Qe8 19. Nb3 a5 20. Kg2 Nba6 21. Nb5 Qe7 22. Nd2 Nb4
23. f3 Ra8 24. Nc3 Bf8 25. Nf1 Ne8 26. Ng3 Kh7 27. Nf5 Qd8 28. Qd2 Nc7 29. Raf1
Kh8 30. Bb1 Ne8 31. Rf2 Bc8 32. Rgf1 Bxf5 33. exf5 Rg7 34. Ne4 Raa7 35. b3
1/2-1/2

[Event "XXVI Festival Conca della Presolana A"]
[Site "Bratto - Castione della Presolana ITA"]
[Date "2006.08.26"]
[Round "8"]
[White "Pesce, Gabriele"]
[Black "Milazzo, Mario"]
[Result "1/2-1/2"]
[WhiteElo "2006"]
[BlackElo "2110"]
[PlyCount "21"]
[EventDate "2006.08.19"]

1. e4 e5 2. Nf3 Nc6 3. d4 exd4 4. Nxd4 Bc5 5. Nxc6 Qf6 6. Qd2 dxc6 7. Nc3 Be6
8. Na4 Be7 9. Qe3 Qe5 10. Bd3 Nf6 11. Qg5 1/2-1/2

[Event "XXVI Festival Conca della Presolana A"]
[Site "Bratto - Castione della Presolana ITA"]
[Date "2006.08.26"]
[Round "8"]
[White "Piantoni, Roberto"]
[Black "Forato, Enrico"]
[Result "1/2-1/2"]
[WhiteElo "2160"]
[BlackElo "1949"]
[PlyCount "35"]
[EventDate "2006.08.19"]

1. d4 Nf6 2. Nf3 g6 3. Bf4 Bg7 4. e3 d6 5. h3 O-O 6. Be2 Nbd7 7. O-O c5 8. c3
b6 9. Nbd2 Bb7 10. a4 a6 11. Qb1 Qc7 12. Bh2 Rfc8 13. Qa2 b5 14. axb5 axb5 15.
Qb3 Bc6 16. dxc5 Nxc5 17. Qc2 Qb7 18. Nb3 1/2-1/2

[Event "XXVI Festival Conca della Presolana A"]
[Site "Bratto - Castione della Presolana ITA"]
[Date "2006.08.26"]
[Round "8"]
[White "Piscopo, Pierluigi"]
[Black "Fierro Baquero, Martha Lorena"]
[Result "0-1"]
[WhiteElo "2393"]
[BlackElo "2314"]
[PlyCount "82"]
[EventDate "2006.08.19"]

1. e4 g6 2. d4 Bg7 3. Nc3 c6 4. h3 d6 5. Nf3 Nf6 6. Be3 O-O 7. Qd2 b5 8. Bd3
Nbd7 9. O-O Qc7 10. Bh6 b4 11. Nd1 c5 12. Bxg7 Kxg7 13. Ne3 Bb7 14. d5 a5 15.
c4 Rae8 16. Rae1 e6 17. Ng4 Nxg4 18. hxg4 exd5 19. exd5 Qd8 20. g5 Rxe1 21.
Rxe1 Re8 22. Re3 Kf8 23. Bc2 Rxe3 24. Qxe3 Qe7 25. Qf4 Bc8 26. Ba4 Nb6 27. Bc6
Bf5 28. Nd2 Qe1+ 29. Kh2 Qe7 30. Nb3 a4 31. Na5 a3 32. bxa3 bxa3 33. Nb3 Bb1
34. Nxc5 Bxa2 35. Ne6+ Kg8 36. Qd4 fxe6 37. Qxb6 Bxc4 38. Qb8+ Kg7 39. Qb4 a2
40. Qb2+ e5 41. f4 Qa7 0-1

[Event "XXVI Festival Conca della Presolana A"]
[Site "Bratto - Castione della Presolana ITA"]
[Date "2006.08.26"]
[Round "8"]
[White "Piva, Giorgio"]
[Black "Scotti, Umberto"]
[Result "1/2-1/2"]
[WhiteElo "2129"]
[BlackElo "2207"]
[PlyCount "71"]
[EventDate "2006.08.19"]

1. d4 d5 2. Bf4 Nf6 3. e3 Bf5 4. c4 c6 5. Nd2 e6 6. Qb3 Qc8 7. h3 Be7 8. Ngf3
h6 9. Bd3 Bxd3 10. Qxd3 O-O 11. O-O Nbd7 12. c5 b6 13. b4 a5 14. a3 b5 15. a4
bxa4 16. Rxa4 axb4 17. Rxb4 Ra7 18. Rfb1 Qa8 19. Qc2 Ne8 20. Bb8 Ra2 21. R4b2
Rxb2 22. Qxb2 Nef6 23. Bf4 g5 24. Be5 Ne4 25. Bc7 Nxd2 26. Nxd2 e5 27. Nf3 exd4
28. exd4 Bf6 29. Qb7 Rc8 30. Bd6 Nf8 31. Bxf8 Kxf8 32. Qd7 Rd8 33. Qf5 Kg7 34.
Rb6 Re8 35. Qd7 Re6 36. Qb7 1/2-1/2

[Event "XXVI Festival Conca della Presolana A"]
[Site "Bratto - Castione della Presolana ITA"]
[Date "2006.08.26"]
[Round "8"]
[White "Radice, Luca"]
[Black "De Nardi, Riccardo"]
[Result "1-0"]
[WhiteElo "2081"]
[BlackElo "1973"]
[PlyCount "51"]
[EventDate "2006.08.19"]

1. d4 Nf6 2. c4 g6 3. Nc3 Bg7 4. e4 d6 5. f4 O-O 6. Nf3 c5 7. d5 e6 8. Be2 exd5
9. cxd5 b5 10. e5 dxe5 11. fxe5 Ng4 12. Bxb5 Nxe5 13. O-O Bg4 14. Be2 Nbd7 15.
Bf4 Nxf3+ 16. Bxf3 Bxf3 17. Qxf3 Nb6 18. Rad1 Qd7 19. d6 Nc4 20. b3 Ne5 21. Qd5
Nc6 22. Qxc5 Rac8 23. Nd5 Nd4 24. Ne7+ Qxe7 25. dxe7 Ne2+ 26. Kf2 1-0

[Event "XXVI Festival Conca della Presolana A"]
[Site "Bratto - Castione della Presolana ITA"]
[Date "2006.08.26"]
[Round "8"]
[White "Ranfagni, Stefano"]
[Black "Piemonti, Carlo"]
[Result "0-1"]
[WhiteElo "2016"]
[BlackElo "2058"]
[PlyCount "114"]
[EventDate "2006.08.19"]

1. e4 c5 2. Nc3 Nc6 3. g3 g6 4. Bg2 Bg7 5. Nge2 e6 6. d3 d6 7. Be3 Nge7 8. O-O
Nd4 9. Qd2 O-O 10. Nd1 Rb8 11. c3 Nxe2+ 12. Qxe2 Nc6 13. f4 Qc7 14. Nf2 b5 15.
e5 dxe5 16. Bxc5 Rd8 17. fxe5 Nxe5 18. Bd4 Bb7 19. Bxb7 Rxb7 20. Rae1 Nc6 21.
Bxg7 Kxg7 22. Ne4 b4 23. Qf3 bxc3 24. bxc3 Qe7 25. d4 Rb2 26. Nc5 Rc8 27. Rb1
Rxb1 28. Rxb1 Rb8 29. Rxb8 Nxb8 30. Qe3 Nd7 31. Nd3 Qd6 32. Ne5 Nxe5 33. Qxe5+
Qxe5 34. dxe5 f5 35. exf6+ Kxf6 36. Kf2 Ke5 37. Ke3 Kd5 38. Kd3 a5 39. h4 a4
40. a3 h5 41. c4+ Kc5 42. Kc3 e5 43. Kd3 e4+ 44. Kxe4 Kxc4 45. Kf4 Kb3 46. Kg5
Kxa3 47. Kxg6 Kb4 48. Kxh5 a3 49. g4 a2 50. g5 a1=Q 51. g6 Qg7 52. Kg5 Kc5 53.
h5 Kd6 54. h6 Qe5+ 55. Kh4 Ke6 56. g7 Kf7 57. Kg4 Kg8 0-1

[Event "XXVI Festival Conca della Presolana A"]
[Site "Bratto - Castione della Presolana ITA"]
[Date "2006.08.26"]
[Round "8"]
[White "Ranieri, Fabrizio"]
[Black "Maccagno, Giancarlo"]
[Result "0-1"]
[WhiteElo "2227"]
[BlackElo "2093"]
[PlyCount "46"]
[EventDate "2006.08.19"]

1. e4 e6 2. d4 c5 3. Nf3 cxd4 4. Nxd4 Nf6 5. Nc3 Nc6 6. Ndb5 d6 7. Bf4 e5 8.
Nd5 Nxd5 9. exd5 exf4 10. dxc6 bxc6 11. Qf3 d5 12. O-O-O Be7 13. Nd4 Qc7 14.
Qc3 Bd7 15. Bb5 O-O 16. Bxc6 Rac8 17. Bxd7 Qxd7 18. Qd3 Bf6 19. Qf5 Qa4 20.
Qxd5 Bxd4 21. Rd2 Rfd8 22. Qb3 Qxb3 23. axb3 Bxb2+ 0-1

[Event "XXVI Festival Conca della Presolana A"]
[Site "Bratto - Castione della Presolana ITA"]
[Date "2006.08.26"]
[Round "8"]
[White "Rorato, Giovanni Riccardo"]
[Black "Fontana, Enrico"]
[Result "1/2-1/2"]
[WhiteElo "2057"]
[BlackElo "2122"]
[PlyCount "32"]
[EventDate "2006.08.19"]

1. d4 d5 2. c4 c6 3. Nc3 Nf6 4. Nf3 e6 5. e3 Nbd7 6. b3 Bd6 7. Bd3 O-O 8. Bb2
dxc4 9. bxc4 e5 10. O-O Qe7 11. Qc2 Re8 12. Bf5 g6 13. Bh3 Qf8 14. Bc1 Ba3 15.
Bd2 Bd6 16. Bc1 Ba3 1/2-1/2

[Event "XXVI Festival Conca della Presolana A"]
[Site "Bratto - Castione della Presolana ITA"]
[Date "2006.08.26"]
[Round "8"]
[White "Rorato, Renzo"]
[Black "Stips, Felix"]
[Result "1/2-1/2"]
[WhiteElo "2149"]
[BlackElo "1874"]
[PlyCount "28"]
[EventDate "2006.08.19"]

1. d4 Nf6 2. c4 e6 3. Nc3 Bb4 4. e3 b6 5. Nge2 c5 6. a3 Ba5 7. f3 O-O 8. Rb1
Na6 9. Kf2 d5 10. Ng3 dxc4 11. Bxc4 cxd4 12. Qxd4 Qxd4 13. exd4 Bxc3 14. bxc3
Nc7 1/2-1/2

[Event "XXVI Festival Conca della Presolana A"]
[Site "Bratto - Castione della Presolana ITA"]
[Date "2006.08.26"]
[Round "8"]
[White "Rosin, Federico"]
[Black "Ferro, Mario"]
[Result "0-1"]
[WhiteElo "2135"]
[BlackElo "2238"]
[PlyCount "66"]
[EventDate "2006.08.19"]

1. e4 g6 2. d4 Bg7 3. Nc3 c6 4. Nf3 d5 5. h3 Nh6 6. Be2 O-O 7. O-O f6 8. Bf4
Nf7 9. Bg3 b6 10. Re1 Bb7 11. e5 fxe5 12. Nxe5 Nxe5 13. Bxe5 Bxe5 14. dxe5 e6
15. Bg4 Qe7 16. Qd2 h5 17. Be2 Kg7 18. Bd3 c5 19. Nb5 Ba6 20. a4 Nc6 21. c3
Rad8 22. Bc2 d4 23. Qe2 Qh4 24. Rad1 Rd5 25. Qe4 Qxf2+ 26. Kh1 Ne7 27. Nc7 Bb7
28. Rf1 Qxf1+ 29. Rxf1 Rxf1+ 30. Kh2 Nf5 31. g4 d3 32. Bxd3 Rxd3 33. Nxe6+ Kh8
0-1

[Event "XXVI Festival Conca della Presolana A"]
[Site "Bratto - Castione della Presolana ITA"]
[Date "2006.08.26"]
[Round "8"]
[White "Ruggeri, Pietro"]
[Black "Orsi, Massimiliano"]
[Result "1/2-1/2"]
[WhiteElo "2123"]
[BlackElo "2025"]
[PlyCount "121"]
[EventDate "2006.08.19"]

1. d4 d5 2. Bf4 Nf6 3. e3 c5 4. c3 e6 5. Nd2 Nc6 6. Ngf3 Qb6 7. Rb1 Bd7 8. h3
Rc8 9. Bd3 Be7 10. O-O O-O 11. Ne5 Rfd8 12. Nxd7 Rxd7 13. Nf3 Rdd8 14. Ne5 Nxe5
15. Bxe5 Nd7 16. Bf4 Nf8 17. Qh5 a6 18. Bg3 Rd7 19. Qg4 Qd8 20. Be5 f6 21. Bg3
Bd6 22. Bh4 Be7 23. Bg3 Bd6 24. Bxd6 Rxd6 25. Rfe1 Qb6 26. h4 Rc7 27. g3 Re7
28. Bf1 e5 29. Red1 cxd4 30. cxd4 e4 31. b4 Rdd7 32. a4 Qe6 33. Qxe6+ Nxe6 34.
Rdc1 Kf7 35. Bh3 Rd6 36. Kf1 h6 37. Ke1 g5 38. Rc8 Ng7 39. a5 f5 40. Rbc1 g4
41. Bf1 Ne6 42. R1c3 b5 43. axb6 Rxb6 44. Kd2 Rxb4 45. Bxa6 Nxd4 46. exd4 Rxd4+
47. Ke2 Ra4 48. R8c6 d4 49. R3c5 Ra2+ 50. Kf1 Kg7 51. Rc7 Rxc7 52. Rxc7+ Kf6
53. Bc8 d3 54. Ke1 Ra1+ 55. Kd2 Ra2+ 56. Ke3 Re2+ 57. Kf4 Rxf2+ 58. Ke3 Rg2 59.
Kf4 Rf2+ 60. Ke3 Re2+ 61. Kf4 1/2-1/2

[Event "XXVI Festival Conca della Presolana A"]
[Site "Bratto - Castione della Presolana ITA"]
[Date "2006.08.26"]
[Round "8"]
[White "Saccani, Ettore"]
[Black "Faccia, Sergio"]
[Result "0-1"]
[WhiteElo "1940"]
[BlackElo "2035"]
[PlyCount "106"]
[EventDate "2006.08.19"]

1. e4 e5 2. Nf3 f5 3. Nxe5 Qf6 4. d4 d6 5. Nc4 fxe4 6. Nc3 Qg6 7. f3 exf3 8.
Qxf3 Nc6 9. Bd3 Qg4 10. Qf2 Nf6 11. O-O Be7 12. h3 Qh5 13. Be3 O-O 14. Qg3 Bd7
15. Rae1 d5 16. Ne5 Bd6 17. Bg5 Ne4 18. Nxe4 dxe4 19. Bc4+ Kh8 20. Bf7 Rxf7 21.
Nxf7+ Qxf7 22. Rxf7 Bxg3 23. Rxe4 h6 24. Bxh6 gxh6 25. Rxd7 Rg8 26. Re6 Bf4 27.
Rf6 Be3+ 28. Kh1 Rg7 29. Rd5 Kh7 30. c3 Re7 31. Rdf5 Nd8 32. d5 Bg5 33. Rf8
Re1+ 34. Kh2 Be7 35. h4 Kg7 36. Rf1 Re4 37. R8f3 Rxh4+ 38. Kg3 Ra4 39. a3 Re4
40. b4 b6 41. Rc1 Bg5 42. Rc2 Nf7 43. c4 Nd6 44. c5 Nb5 45. Rd3 Nd4 46. cxb6
Bf4+ 47. Kf2 Nxc2 48. bxa7 Re8 49. Rc3 Nd4 50. a4 Bd6 51. b5 Ra8 52. Rc4 Rxa7
53. Ke3 Nf5+ 0-1

[Event "XXVI Festival Conca della Presolana A"]
[Site "Bratto - Castione della Presolana ITA"]
[Date "2006.08.26"]
[Round "8"]
[White "Salvador, Roland"]
[Black "Dervishi, Erald"]
[Result "0-1"]
[WhiteElo "2420"]
[BlackElo "2531"]
[PlyCount "60"]
[EventDate "2006.08.19"]

1. d4 Nf6 2. Nf3 e6 3. c4 b6 4. g3 Bb7 5. Bg2 Be7 6. Nc3 Ne4 7. Bd2 d5 8. cxd5
exd5 9. O-O O-O 10. Rc1 Na6 11. Ne5 c5 12. Be3 Re8 13. Bxe4 dxe4 14. Qb3 Rf8
15. Rfd1 cxd4 16. Rxd4 Qe8 17. Rd7 Bc8 18. Rxe7 Qxe7 19. Nc6 Qe8 20. Nd5 Bb7
21. Bg5 Bxc6 22. Rxc6 Kh8 23. Qc3 Rc8 24. Rxc8 Qxc8 25. Qd4 Nc5 26. Be7 Re8 27.
b4 Ne6 28. Qe5 Nf8 29. Qg5 Ng6 30. Bd6 Qd8 0-1